Otros poemas (Registro nro. 76692)

Detalles MARC
000 -CABECERA
fixed length control field 00446nam a22001937a 4500
003 - IDENTIFICADOR DEL NUMERO DE CONTROL
control field bpm
005 - FECHA Y HORA DE LA ULTIMA TRANSACCION
control field 20260427093338.0
008 - ELEMENTOS DE LONGITUD FIJA -- INFORMACION GENERAL
fixed length control field 260427b |||||||| |||| 00| p spa d
024 ## - OTRO IDENTIFICADOR NORMALIZADO
Número o código normalizado S. C. C. / M. C. y E. M.:
040 ## - FUENTE DE CATALOGACION
Código de la agencia catalogadora original AR-CtUCP
041 ## - LANGUAGE CODE
Código de Idioma para texto o pista de sonido o título separado spa
080 ## - CLASIFICACIÓN DECIMAL UNIVERSAL
Clasificación Decimal Universal CDU
100 ## - ASIENTO PRINCIPAL--NOMBRE PERSONAL
Nombre del autor personal Mauriño Alejandro
245 ## - MENCION DE TITULO
Ti­tulo Otros poemas
260 ## - PUBLICACION, DISTRIBUCION, ETC. (PIE DE IMPRENTA)
Lugar Corrientes
Editor Offset
Fecha 2010
650 ## - SASIENTO SECUNDARIO DE MATERIA - TERMINO TEMATICO
9 (RLIN) Literatura - Poesía
942 ## - TIPO DE MATERIAL
Tipo de I­tem LIBRO
Existencias
Estado Perdido Estado de Daño Ubicacion Permanente Ubicacion Actual Sala Fecha de Adquisicion Signatura Topografica Completa Numero de Inventario Date last seen Tipo de Ejemplar
    Biblioteca Regional de Poesía Biblioteca Regional de Poesía Biblioteca 27/04/2026 82 MAU o P 210 27/04/2026 LIBRO
    Biblioteca Regional de Poesía Biblioteca Regional de Poesía Biblioteca 27/04/2026 82 MAU o Ej. 2 P 211 27/04/2026 LIBRO
    Biblioteca Regional de Poesía Biblioteca Regional de Poesía Biblioteca 27/04/2026 82 MAU o Ej. 3 P 212 27/04/2026 LIBRO
    Biblioteca Regional de Poesía Biblioteca Regional de Poesía Biblioteca 27/04/2026 82 MAU o Ej. 4 P 213 27/04/2026 LIBRO
    Biblioteca Regional de Poesía Biblioteca Regional de Poesía Biblioteca 27/04/2026 82 MAU o Ej. 5 P 214 27/04/2026 LIBRO
    Biblioteca Regional de Poesía Biblioteca Regional de Poesía Biblioteca 27/04/2026 82 MAU o Ej. 6 P 215 27/04/2026 LIBRO